DISABILITY SEDGS AND GENDER (Record no. 27206)

MARC details
000 -LEADER
fixed length control field 00249nam a22001217a 4500
003 - CONTROL NUMBER IDENTIFIER
control field SGT
082 ## - DEWEY DECIMAL CLASSIFICATION NUMBER
Classification number 370.NAMITA
100 ## - MAIN ENTRY--PERSONAL NAME
Personal name NAMITA
245 ## - TITLE STATEMENT
Title DISABILITY SEDGS AND GENDER
260 ## - PUBLICATION, DISTRIBUTION, ETC. (IMPRINT)
Place of publication, distribution, etc NEW DELHI
Name of publisher, distributor, etc RENOVA
Year of Publication 2024
300 ## - PAGE DESCRIPTION
No. of Pages 259
942 ## - ADDED ENTRY ELEMENTS (KOHA)
Source of classification or shelving scheme Dewey Decimal Classification
Koha item type Books
Holdings
Withdrawn status Lost status Source of classification or shelving scheme Damaged status Use restrictions Not for loan Collection code Home library Current library Shelving location Date acquired Vendor Name Cost, normal purchase price SGTU Bill Number Full call number Accession No. (Barcode) Date last seen Bill Date Koha item type
    Dewey Decimal Classification   Restricted Access Not For Loan EDUCATION SGT Engineering Library SGT Engineering Library Reference Book 24/10/2024 SGT FACULTY PUBLICATIONS 950.00 SGTU SGT FACULTY PUBLICATIONS 370.NAMITA ED5373 24/10/2024 24/10/2024 Books